000 01212nam a22003857a 4500
001 0067483
003 KOHA_MİRAKIL
005 20260207004716.0
007 ta
008 220811b2020 tu |||gr||||#0|||0|tur |
020 _a9786057822390
040 _aTR-BiSEU
_btur
_cTR-BiSEU
_erda
041 0 _atur
044 _ctu
050 _aJX1391
_b.K68 2020
245 0 _aKovid-19 salgını ve sonrası uluslararası siyasette süreklilik ve değişimler/
_cHazırlayan Bayram Ali Soner.
264 1 _aAnkara :
_bPolis Akademisi Yayınları
_c2020
300 _a77 sayfa; 24 cm
336 _ametin
_btxt
_2rdacontent
337 _aaracısız
_bn
_2rdamedia
338 _acilt
_bnc
_2rdacarrier
490 1 _aPolis Akademisi yayınları ;
_v92.
490 1 _aRapor no ;
_v37.
500 _aKaynakça var.
650 0 _aKovid-19.
_9123461
650 0 _aUluslararası Siyaset.
_9123462
650 0 _aUluslararası İlişkiler.
_910529
650 0 _aCovid-19.
_9123463
650 0 _aInternational relations.
_97042
650 0 _aInternational Politics.
_9123464
830 1 _aPolis Akademisi yayınları ;
_v92.
_983713
830 1 _aRapor no ;
_v37.
_983899
907 _aSiyaset bilimi
942 _2lcc
_cBK
999 _c68036
_d68036